[Event "Hessenliga 1819"]
[Site "Hessen"]
[Date "2018.11.18"]
[Round "3.8"]
[White "Schmidt, Max"]
[Black "Forgach, Andreas"]
[Result "1-0"]
[WhiteElo "1979"]
[BlackElo "1837"]
[PlyCount "82"]
[EventDate "2018.09.23"]
[EventType "team-tourn"]
[EventRounds "9"]
[EventCountry "GER"]
[SourceTitle "EXT 2020"]
[Source "ChessBase"]
[SourceDate "2019.10.17"]
[SourceVersion "1"]
[SourceVersionDate "2019.10.17"]
[SourceQuality "1"]
[WhiteTeam "Frankfurt TV"]
[BlackTeam "Kassel"]
[WhiteTeamCountry "GER"]
[BlackTeamCountry "GER"]

1. e4 c5 2. Nf3 Nc6 3. Bb5 g6 4. Bxc6 dxc6 5. d3 Bg7 6. Nc3 Nf6 7. 0-0 0-0 8. Be3 b6 9. Qd2 Ng4 10. Bg5 h6 11. Bh4 Kh7 12. h3 Nf6 13. Rad1 Ba6 14. b3 Rc8 15. Bg3 Re8 16. Ne5 Rf8 17. f4 Nh5 18. Bf2 Qd6 19. g3 Bxe5 20. fxe5 Qxe5 21. Ne2 Rcd8 22. g4 Ng7 23. Bg3 Qe6 24. Nf4 Qd7 25. Qc1 Ne6 26. Nxe6 fxe6 27. Be5 Bc8 28. Qe3 Ba6 29. Qg3 Qc8 30. Qh4 Qd7 31. Bf4 Qd4+ 32. Kg2 Qg7 33. Qg3 g5 34. Be5 Qg6 35. Rf2 Kg8 36. Rdf1 Rxf2+ 37. Rxf2 Rf8 38. Rxf8+ Kxf8 39. Bc3 Qe8 40. Qe5 Qf7 41. Qb8+ Qe8 1-0

[Event "Korbach op 9th"]
[Site "Korbach"]
[Date "2017.10.21"]
[Round "4"]
[White "Boehme, Jonas"]
[Black "Forgach, Andreas"]
[Result "1/2-1/2"]
[WhiteElo "1675"]
[BlackElo "1851"]
[PlyCount "38"]
[EventDate "2017.10.19"]
[EventType "swiss"]
[EventRounds "7"]
[EventCountry "GER"]
[SourceTitle "CBM 181 Extra"]
[Source "ChessBase"]
[SourceDate "2017.12.12"]
[SourceVersion "1"]
[SourceVersionDate "2017.12.12"]
[SourceQuality "1"]

1. e4 c5 2. Nf3 Nc6 3. d4 cxd4 4. Nxd4 Nf6 5. Nc3 e6 6. Ndb5 Bb4 7. Bf4 e5 8. Bg5 0-0 9. Bc4 a6 10. Nd6 Nd4 11. Nxf7 Rxf7 12. Bxf7+ Kxf7 13. f4 Bxc3+ 14. bxc3 Ne6 15. fxe5 Nxg5 16. exf6 g6 17. h4 Ne6 18. h5 g5 19. e5 Qa5 1/2-1/2

[Event "Korbach op 9th"]
[Site "Korbach"]
[Date "2017.10.20"]
[Round "3"]
[White "Forgach, Andreas"]
[Black "Simukov, Erik"]
[Result "1/2-1/2"]
[WhiteElo "1851"]
[BlackElo "1621"]
[PlyCount "200"]
[EventDate "2017.10.19"]
[EventType "swiss"]
[EventRounds "7"]
[EventCountry "GER"]
[SourceTitle "CBM 181 Extra"]
[Source "ChessBase"]
[SourceDate "2017.12.12"]
[SourceVersion "1"]
[SourceVersionDate "2017.12.12"]
[SourceQuality "1"]

1. e4 e5 2. Nf3 Nc6 3. Bb5 a6 4. Ba4 Nf6 5. d4 exd4 6. 0-0 Be7 7. e5 Ne4 8. Nxd4 Nxd4 9. Qxd4 Nc5 10. Nc3 Nxa4 11. Qxa4 0-0 12. Bf4 Bg5 13. Bg3 f6 14. exf6 Bxf6 15. Qc4+ Kh8 16. Bxc7 Qe8 17. Bd6 Rg8 18. Rae1 Qg6 19. Nd5 b5 20. Qd3 Qxd3 21. cxd3 Bb7 22. Nxf6 gxf6 23. f3 Rac8 24. Re2 Rce8 25. Rxe8 Rxe8 26. Kf2 Re6 27. Bg3 Kg8 28. Re1 Kf7 29. Rxe6 dxe6 30. d4 Bd5 31. b3 Ke7 32. Ke3 Kd7 33. Kd3 Kc6 34. Kc3 Kb6 35. Bh4 f5 36. Bd8+ Kc6 37. Kb4 Kd6 38. Bf6 Kc6 39. Ka5 Kb7 40. Be5 Ka7 41. Bd6 Kb7 42. Kb4 Kc6 43. Bc5 Kc7 44. Ka5 Kb7 45. Bb6 Bc6 46. Bd8 Ka7 47. Kb4 Kb7 48. Kc5 Bd5 49. Kd6 Kc8 50. Ba5 Kb7 51. Ke5 Kc6 52. Kf6 Kd7 53. Kg5 Ke8 54. Kh6 Kf7 55. Kxh7 Bc6 56. Kh6 Be8 57. Kg5 Kg7 58. h4 Bf7 59. h5 Bg8 60. Bc3 Kf7 61. h6 Bh7 62. f4 Bg6 63. Bb4 Bh7 64. Bd6 Bg6 65. a4 bxa4 66. bxa4 Bh7 67. a5 Bg6 68. Be5 Bh7 69. Bg7 Bg6 70. Kh4 Bh7 71. Kg3 Bg6 72. Kf2 Ke7 73. Ke3 Kd6 74. Be5+ Kc6 75. Bf6 Bh7 76. Kf3 Kd7 77. g3 Bg6 78. g4 fxg4+ 79. Kxg4 Ke8 80. Kg5 Kf7 81. Bg7 Be4 82. Be5 Bh7 83. d5 exd5 84. f5 Bg8 85. Bd4 Bh7 86. Kf4 Bg8 87. Ke5 Bh7 88. Bc5 Bg8 89. Bb6 Bh7 90. Bc5 Bg8 91. Bb6 Bh7 92. Bd8 d4 93. Bg5 d3 94. Bd2 Bg8 95. Ke4 Bh7 96. Bg5 Ke8 97. Ke5 Kf7 98. Bd2 Bg8 99. Bc3 Bh7 100. Ke4 Ke8 1/2-1/2

[Event "Korbach op 9th"]
[Site "Korbach"]
[Date "2017.10.19"]
[Round "1"]
[White "Forgach, Andreas"]
[Black "Heinemann, Ernst"]
[Result "1/2-1/2"]
[WhiteElo "1851"]
[BlackElo "2099"]
[PlyCount "38"]
[EventDate "2017.10.19"]
[EventType "swiss"]
[EventRounds "7"]
[EventCountry "GER"]
[SourceTitle "CBM 181 Extra"]
[Source "ChessBase"]
[SourceDate "2017.12.12"]
[SourceVersion "1"]
[SourceVersionDate "2017.12.12"]
[SourceQuality "1"]

1. e4 d5 2. exd5 Nf6 3. d4 Bg4 4. Be2 Bxe2 5. Nxe2 Qxd5 6. 0-0 e6 7. Nbc3 Qh5 8. Bf4 Bd6 9. Bxd6 cxd6 10. Qd3 a6 11. Ng3 Qg6 12. Nce4 Nxe4 13. Nxe4 Ke7 14. Rae1 Rd8 15. f4 Kf8 16. Qa3 Kg8 17. Nxd6 Nc6 18. f5 exf5 19. Nxf5 Rd7 1/2-1/2

[Event "Bad Zwesten op 17th"]
[Site "Bad Zwesten"]
[Date "2017.01.02"]
[Round "1"]
[White "Forgach, Andreas"]
[Black "Moderow, Manuel"]
[Result "1-0"]
[WhiteElo "1868"]
[BlackElo "1116"]
[PlyCount "89"]
[EventDate "2017.01.02"]
[EventType "swiss"]
[EventRounds "7"]
[EventCountry "GER"]
[SourceTitle "CBM 176 Extra"]
[Source "ChessBase"]
[SourceDate "2017.03.02"]
[SourceVersion "1"]
[SourceVersionDate "2017.03.02"]
[SourceQuality "1"]

1. e4 e5 2. Nf3 Nc6 3. Bb5 Nf6 4. 0-0 Nxe4 5. Re1 Nd6 6. Nxe5 Be7 7. Ba4 0-0 8. d4 Nxe5 9. dxe5 Nf5 10. Nc3 d6 11. Bf4 Be6 12. exd6 Bxd6 13. Bxd6 Qxd6 14. Qxd6 Nxd6 15. Bb3 Bxb3 16. axb3 Rfe8 17. h3 a6 18. Kf1 f6 19. Rad1 Rxe1+ 20. Rxe1 Re8 21. Rd1 Kf7 22. Nd5 c6 23. Nxf6 gxf6 24. Rxd6 Ke7 25. Rd4 Rd8 26. Rxd8 Kxd8 27. Ke2 Kd7 28. Ke3 Ke6 29. f4 Kd5 30. g4 h6 31. h4 b5 32. g5 fxg5 33. fxg5 hxg5 34. hxg5 Ke5 35. g6 Kf6 36. g7 Kxg7 37. Kd4 Kf6 38. Kc5 Ke5 39. Kxc6 Kd4 40. Kb6 b4 41. Kxa6 Kc5 42. Ka5 Kd5 43. Kxb4 Kd6 44. c4 Kd7 45. Kb5 1-0

[Event "Korbach op 8th"]
[Site "Korbach"]
[Date "2016.10.23"]
[Round "7"]
[White "Forgach, Andreas"]
[Black "Maar, Samuel"]
[Result "0-1"]
[WhiteElo "1864"]
[BlackElo "1981"]
[PlyCount "42"]
[EventDate "2016.10.20"]
[EventType "swiss"]
[EventRounds "7"]
[EventCountry "GER"]
[SourceTitle "CBM 175 Extra"]
[Source "ChessBase"]
[SourceDate "2016.12.12"]
[SourceVersion "1"]
[SourceVersionDate "2016.12.12"]
[SourceQuality "1"]

1. e4 d6 2. d4 Nf6 3. Nc3 e5 4. Nf3 Nbd7 5. Bc4 c6 6. dxe5 dxe5 7. Ng5 Bb4 8. Bxf7+ Ke7 9. Bb3 Nc5 10. 0-0 Bg4 11. f3 Qxd1 12. Nxd1 h6 13. fxg4 hxg5 14. Ne3 Ncxe4 15. Nf5+ Kd7 16. Be3 Nxg4 17. Rad1+ Kc7 18. c3 Rxh2 19. cxb4 Rah8 20. g3 g6 21. Nd6 Rh1+ 0-1

[Event "Korbach op 8th"]
[Site "Korbach"]
[Date "2016.10.22"]
[Round "4"]
[White "Werner, Martin"]
[Black "Forgach, Andreas"]
[Result "1/2-1/2"]
[WhiteElo "2029"]
[BlackElo "1864"]
[PlyCount "52"]
[EventDate "2016.10.20"]
[EventType "swiss"]
[EventRounds "7"]
[EventCountry "GER"]
[SourceTitle "CBM 175 Extra"]
[Source "ChessBase"]
[SourceDate "2016.12.12"]
[SourceVersion "1"]
[SourceVersionDate "2016.12.12"]
[SourceQuality "1"]

1. d4 Nf6 2. Bg5 Ne4 3. Bf4 c5 4. f3 Qa5+ 5. c3 Nf6 6. Nd2 cxd4 7. Nb3 Qb6 8. Qxd4 Nc6 9. Qxb6 axb6 10. Nd4 Nxd4 11. cxd4 e6 12. e4 Bb4+ 13. Kf2 d5 14. Bd3 dxe4 15. fxe4 0-0 16. Nf3 Bd7 17. a3 Be7 18. Bc7 Bc6 19. Rhe1 b5 20. Ne5 Rfc8 21. Nxc6 bxc6 22. Bf4 Rd8 23. Be5 Ng4+ 24. Ke2 Nxe5 25. dxe5 Bg5 26. g3 Rd4 1/2-1/2

[Event "Arber op 3rd"]
[Site "Bayerisch Eisenstein"]
[Date "2014.08.23"]
[Round "8"]
[White "Fuchs, Benno"]
[Black "Forgach, Andreas"]
[Result "1-0"]
[WhiteElo "1790"]
[BlackElo "1909"]
[PlyCount "59"]
[EventDate "2014.08.16"]
[EventType "swiss"]
[EventRounds "9"]
[EventCountry "GER"]
[SourceTitle "CBM 161 Extra"]
[Source "ChessBase"]
[SourceDate "2014.08.29"]
[SourceVersion "1"]
[SourceVersionDate "2014.08.29"]
[SourceQuality "1"]

1. e4 c5 2. Nf3 Nc6 3. Bb5 g6 4. 0-0 Bg7 5. c3 Nf6 6. Re1 0-0 7. d4 cxd4 8. cxd4 d5 9. e5 Ne8 10. Nc3 Nc7 11. Bxc6 bxc6 12. Na4 Ne6 13. Be3 f6 14. Rc1 Bd7 15. Qd2 Re8 16. Bh6 Bh8 17. Qd3 Rb8 18. b3 Rb5 19. Nh4 Kf7 20. f4 f5 21. Nxf5 Nxf4 22. Bxf4 Bxf5 23. Qf3 Kg8 24. Rxc6 Qa5 25. Rec1 Qb4 26. Nc3 Qxd4+ 27. Be3 Qd3 28. Nxb5 Qxb5 29. R6c5 Qa6 30. Qxd5+ 1-0

[Event "Arber op 3rd"]
[Site "Bayerisch Eisenstein"]
[Date "2014.08.21"]
[Round "6"]
[White "Pliev, Vladimir"]
[Black "Forgach, Andreas"]
[Result "1-0"]
[WhiteElo "2011"]
[BlackElo "1909"]
[PlyCount "63"]
[EventDate "2014.08.16"]
[EventType "swiss"]
[EventRounds "9"]
[EventCountry "GER"]
[SourceTitle "CBM 161 Extra"]
[Source "ChessBase"]
[SourceDate "2014.08.29"]
[SourceVersion "1"]
[SourceVersionDate "2014.08.29"]
[SourceQuality "1"]

1. e4 c5 2. Nf3 Nc6 3. d4 cxd4 4. c3 Nf6 5. e5 Nd5 6. cxd4 g6 7. Qb3 e6 8. Nc3 Nxc3 9. bxc3 d5 10. Be2 h5 11. 0-0 Be7 12. a4 0-0 13. Qc2 Bd7 14. Bd3 Kg7 15. Qd2 Rh8 16. Qf4 Rc8 17. Bd2 Na5 18. Rfb1 b6 19. h4 Nc4 20. Bxc4 Rxc4 21. a5 b5 22. Ng5 Bxg5 23. hxg5 Qe7 24. Rb3 Rhc8 25. g4 hxg4 26. Kg2 Rh8 27. Rbb1 Rcc8 28. Rh1 Rxh1 29. Rxh1 Rh8 30. Qf6+ Qxf6 31. gxf6+ Kg8 32. Bh6 1-0

[Event "Arber op 3rd"]
[Site "Bayerisch Eisenstein"]
[Date "2014.08.17"]
[Round "2"]
[White "Forgach, Andreas"]
[Black "Miesbauer, Jan"]
[Result "1/2-1/2"]
[WhiteElo "1909"]
[BlackElo "2006"]
[PlyCount "104"]
[EventDate "2014.08.16"]
[EventType "swiss"]
[EventRounds "9"]
[EventCountry "GER"]
[SourceTitle "CBM 161 Extra"]
[Source "ChessBase"]
[SourceDate "2014.08.29"]
[SourceVersion "1"]
[SourceVersionDate "2014.08.29"]
[SourceQuality "1"]

1. e4 c5 2. Nf3 d6 3. d4 cxd4 4. Nxd4 Nf6 5. Nc3 Nc6 6. Bc4 e6 7. Bb3 a6 8. 0-0 Bd7 9. f4 Be7 10. Kh1 b5 11. f5 e5 12. Nxc6 Bxc6 13. Bd5 Bxd5 14. Nxd5 Nxd5 15. Qxd5 0-0 16. Be3 Qc8 17. c3 Qc4 18. Qxc4 bxc4 19. Rad1 Rfb8 20. Bc1 Rb5 21. g4 h6 22. h4 f6 23. Rf2 Rab8 24. Kg2 Kf7 25. h5 Ke8 26. Kf3 Ra5 27. a3 Rab5 28. Rd5 Rxd5 29. exd5 Rb5 30. Ke4 Kd7 31. Be3 Bd8 32. Re2 Kc7 33. Rc2 Kb7 34. Rg2 Kc8 35. Re2 Rb7 36. Rg2 Bb6 37. Bc1 Bc5 38. Re2 Kc7 39. Kf3 Kb6 40. a4 Ka5 41. Re4 Kxa4 42. b4 Kb5 43. bxc5 Kxc5 44. Ba3+ Kxd5 45. Bb4 Rb5 46. Re1 Kc6 47. Ra1 Rb6 48. Ra5 Kc7 49. Ke4 Kc6 50. Rd5 Kd7 51. Ba5 Rb7 52. Bb4 Rb6 1/2-1/2

[Event "Vellmar op-A 5th"]
[Site "Vellmar"]
[Date "2013.07.28"]
[Round "6"]
[White "Forgach, Andreas"]
[Black "Keil, Roland"]
[Result "1-0"]
[WhiteElo "1919"]
[BlackElo "2062"]
[PlyCount "75"]
[EventDate "2013.07.25"]
[EventType "swiss"]
[EventRounds "7"]
[EventCountry "GER"]
[SourceTitle "EXT 2015"]
[Source "ChessBase"]
[SourceDate "2014.11.20"]
[SourceVersion "1"]
[SourceVersionDate "2014.11.20"]
[SourceQuality "1"]

1. e4 e5 2. Nf3 Nc6 3. Bb5 a6 4. Ba4 Nf6 5. d4 exd4 6. e5 Ne4 7. 0-0 Be7 8. Nxd4 Nc5 9. Bxc6 dxc6 10. Nc3 0-0 11. Be3 Ne6 12. Nf5 Bc5 13. Bxc5 Nxc5 14. Qxd8 Rxd8 15. Ne7+ Kf8 16. Nxc8 Raxc8 17. Rad1 Ke7 18. f4 Ne6 19. Ne2 b5 20. f5 Nc5 21. Nd4 Kf8 22. Nxc6 Re8 23. Rd5 Na4 24. e6 Nxb2 25. Rd7 f6 26. Rf7+ Kg8 27. Ne7+ Kh8 28. Nxc8 Rxc8 29. Rd7 Kg8 30. Re1 Nc4 31. e7 Re8 32. Rxc7 Kf7 33. Re6 a5 34. Kf2 Ne5 35. Rb6 g6 36. Rxb5 Ra8 37. e8Q+ Kxe8 38. Rxh7 1-0

[Event "Arber op 2nd"]
[Site "Bayerisch Eisenstein"]
[Date "2013.07.05"]
[Round "7"]
[White "Selig, Rainer"]
[Black "Forgach, Andreas"]
[Result "1/2-1/2"]
[WhiteElo "1973"]
[BlackElo "1919"]
[PlyCount "111"]
[EventDate "2013.06.29"]
[EventType "swiss"]
[EventRounds "9"]
[EventCountry "GER"]
[SourceTitle "CBM 155 Extra"]
[Source "ChessBase"]
[SourceDate "2013.08.26"]
[SourceVersion "1"]
[SourceVersionDate "2013.08.26"]
[SourceQuality "1"]

1. d4 Nf6 2. c4 g6 3. Nc3 Bg7 4. e4 d6 5. Nf3 0-0 6. Be2 e5 7. dxe5 dxe5 8. Qxd8 Rxd8 9. Bg5 Na6 10. Nd5 Rd6 11. Nxf6+ Bxf6 12. Bxf6 Rxf6 13. Nxe5 Re6 14. f4 f6 15. Ng4 h5 16. Nf2 Re7 17. 0-0 Bd7 18. Bf3 Bc6 19. Rfe1 Kg7 20. Re3 Nc5 21. b4 Ne6 22. b5 Be8 23. Nd3 Nd4 24. Rc1 Rd8 25. Kf2 Bf7 26. g3 Nxf3 27. Kxf3 Rd4 28. e5 Rxc4 29. exf6+ Kxf6 30. Rxe7 Kxe7 31. Re1+ Kf6 32. Ke3 Rc2 33. a4 Rxh2 34. Rc1 Ra2 35. Rxc7 Rxa4 36. Rxb7 Bc4 37. Ne5 Bd5 38. Rd7 Be6 39. Rc7 Ra3+ 40. Kd4 Rxg3 41. Rxa7 Rb3 42. Kc5 Rc3+ 43. Kb4 Rb3+ 44. Kc5 Rc3+ 45. Kd6 Rb3 46. Kc6 Bf5 47. b6 Be4+ 48. Kc7 h4 49. Ra4 Kf5 50. Nxg6 h3 51. Ne7+ Kxf4 52. Nd5+ Kf3 53. b7 Rxb7+ 54. Kxb7 Bxd5+ 55. Kc7 Kg3 56. Ra6 1/2-1/2

[Event "Arber op 2nd"]
[Site "Bayerisch Eisenstein"]
[Date "2013.07.04"]
[Round "6"]
[White "Forgach, Andreas"]
[Black "Hoffmann, Uwe"]
[Result "1/2-1/2"]
[WhiteElo "1919"]
[BlackElo "1967"]
[PlyCount "41"]
[EventDate "2013.06.29"]
[EventType "swiss"]
[EventRounds "9"]
[EventCountry "GER"]
[SourceTitle "CBM 155 Extra"]
[Source "ChessBase"]
[SourceDate "2013.08.26"]
[SourceVersion "1"]
[SourceVersionDate "2013.08.26"]
[SourceQuality "1"]

1. e4 d5 2. exd5 Qxd5 3. Nc3 Qd6 4. d4 Nf6 5. Nf3 Bg4 6. h3 Bh5 7. Be2 a6 8. Be3 e6 9. Ne5 Bxe2 10. Qxe2 Nbd7 11. f4 Nb6 12. 0-0 Nbd5 13. Nxd5 Qxd5 14. a3 g6 15. c4 Qd6 16. Qf3 c6 17. b4 Bg7 18. Rad1 Qc7 19. Kh1 0-0 20. g4 Nd7 21. Qg3 1/2-1/2

[Event "Bad Zwesten op 16th"]
[Site "Bad Zwesten"]
[Date "2013.01.05"]
[Round "5"]
[White "Forgach, Andreas"]
[Black "Schmehl, Torsten"]
[Result "1-0"]
[WhiteElo "1951"]
[BlackElo "1711"]
[PlyCount "49"]
[EventDate "2013.01.02"]
[EventType "swiss"]
[EventRounds "7"]
[EventCountry "GER"]
[SourceTitle "CBM 152 Extra"]
[Source "ChessBase"]
[SourceDate "2013.02.25"]
[SourceVersion "1"]
[SourceVersionDate "2013.02.25"]
[SourceQuality "1"]

1. e4 e6 2. d4 d5 3. Nc3 dxe4 4. Nxe4 Nd7 5. Nf3 Ngf6 6. Bg5 Be7 7. Nxf6+ Nxf6 8. Bd3 0-0 9. Qe2 Rb8 10. 0-0-0 Nd5 11. Bxe7 Qxe7 12. Qe4 g6 13. h4 Nf6 14. Qe2 h5 15. Ne5 Nd7 16. g4 Nxe5 17. dxe5 hxg4 18. Qxg4 Kg7 19. h5 g5 20. Rdg1 Kh6 21. Qe4 Rh8 22. f4 Kg7 23. fxg5 Kf8 24. g6 Rg8 25. gxf7 1-0

[Event "Arber op 1st"]
[Site "Bayerisch Eisenstein"]
[Date "2012.08.25"]
[Round "8"]
[White "Lehmann, Tornalf"]
[Black "Forgach, Andreas"]
[Result "0-1"]
[WhiteElo "1545"]
[BlackElo "1793"]
[PlyCount "96"]
[EventDate "2012.08.18"]
[EventType "swiss"]
[EventRounds "9"]
[EventCountry "GER"]
[SourceTitle "CBM 150 Extra"]
[Source "ChessBase"]
[SourceDate "2012.10.19"]
[SourceVersion "1"]
[SourceVersionDate "2012.10.19"]
[SourceQuality "1"]

1. e4 c5 2. d4 cxd4 3. c3 Nf6 4. e5 Nd5 5. cxd4 Nc6 6. Nf3 d6 7. Bc4 Nb6 8. Bb5 Bd7 9. 0-0 Nxe5 10. dxe5 Bxb5 11. Re1 dxe5 12. Qb3 Bc4 13. Qe3 f6 14. Nc3 e6 15. Rd1 Qc7 16. b3 Bc5 17. Qe1 Ba6 18. Bb2 0-0 19. Rac1 Qe7 20. Qe4 Rfd8 21. Qh4 Bd3 22. h3 a6 23. Ne4 Bxe4 24. Qxe4 Nd5 25. Rd2 b6 26. Rc4 b5 27. Rc1 Nb4 28. a3 Nd5 29. b4 Bb6 30. Rdc2 Qd7 31. g3 Rac8 32. Qe1 Rxc2 33. Rxc2 Rc8 34. Qc1 Rxc2 35. Qxc2 Qc7 36. Qd2 Qc4 37. h4 Qe4 38. Nh2 Qb1+ 39. Nf1 h6 40. Kg2 Qe4+ 41. Kg1 Kh7 42. Bc1 f5 43. Ne3 Nxe3 44. fxe3 f4 45. Kh2 Bxe3 46. Qd1 fxg3+ 47. Kxg3 Qf4+ 48. Kh3 Bxc1 0-1

[Event "Arber op 1st"]
[Site "Bayerisch Eisenstein"]
[Date "2012.08.18"]
[Round "1"]
[White "Zenker, Ulrich"]
[Black "Forgach, Andreas"]
[Result "1-0"]
[WhiteElo "2166"]
[BlackElo "1793"]
[PlyCount "83"]
[EventDate "2012.08.18"]
[EventType "swiss"]
[EventRounds "9"]
[EventCountry "GER"]
[SourceTitle "CBM 150 Extra"]
[Source "ChessBase"]
[SourceDate "2012.10.19"]
[SourceVersion "1"]
[SourceVersionDate "2012.10.19"]
[SourceQuality "1"]

1. e4 c5 2. Nf3 Nc6 3. Bb5 d6 4. Bxc6+ bxc6 5. 0-0 Bg4 6. h3 Bh5 7. e5 d5 8. d3 e6 9. Re1 Ne7 10. Nbd2 Nc8 11. Qe2 Be7 12. Nf1 0-0 13. g4 Bg6 14. Ng3 Nb6 15. b3 d4 16. Ne4 Nd5 17. Nfd2 h5 18. Nc4 hxg4 19. hxg4 Bxe4 20. Qxe4 Nb4 21. Re2 Qd5 22. f3 Qxe4 23. fxe4 f6 24. a3 Na6 25. Bd2 Nb8 26. exf6 Bxf6 27. Bf4 Nd7 28. Bd6 Rf7 29. Rf1 Bg5 30. Ref2 Rxf2 31. Kxf2 Kh7 32. Kg3 Kg6 33. Rh1 Re8 34. Na5 e5 35. Nc4 Bf4+ 36. Kf3 Bg5 37. Ke2 Re6 38. Rh8 Be7 39. Bxe7 Rxe7 40. Rc8 Kg5 41. Rc7 Kxg4 42. Rxd7 1-0

[Event "Vellmar op-A 2nd"]
[Site "Vellmar"]
[Date "2010.07.09"]
[Round "3"]
[White "Forgach, Andreas"]
[Black "Kaiser, Joachim"]
[Result "1/2-1/2"]
[WhiteElo "1983"]
[BlackElo "2152"]
[PlyCount "37"]
[EventDate "2010.07.08"]
[EventType "swiss"]
[EventRounds "7"]
[EventCountry "GER"]
[SourceTitle "EXT 2011"]
[Source "ChessBase"]
[SourceDate "2010.11.26"]
[SourceVersion "1"]
[SourceVersionDate "2010.11.26"]
[SourceQuality "1"]

1. e4 c5 2. Nf3 e6 3. d4 cxd4 4. Nxd4 a6 5. Bd3 Nc6 6. Be3 Nf6 7. 0-0 Ne5 8. h3 Ng6 9. Nc3 d5 10. exd5 Nxd5 11. Nxd5 Qxd5 12. c4 Qd8 13. Nf3 Qc7 14. Rc1 Bc5 15. Qd2 a5 16. a3 Bxe3 17. fxe3 b6 18. Be4 Bb7 19. Qc2 1/2-1/2

[Event "Hessen-ch Gr-B"]
[Site "Idstein"]
[Date "2009.04.10"]
[Round "5"]
[White "Forgach, Andreas"]
[Black "Willems, Matthias"]
[Result "1/2-1/2"]
[WhiteElo "1997"]
[BlackElo "2038"]
[PlyCount "74"]
[EventDate "2009.04.08"]
[EventType "swiss"]
[EventRounds "7"]
[EventCountry "GER"]
[SourceTitle "EXT 2010"]
[Source "ChessBase"]
[SourceDate "2010.11.25"]
[SourceVersion "1"]
[SourceVersionDate "2010.11.25"]
[SourceQuality "1"]

1. e4 d6 2. d4 Nf6 3. Nc3 e5 4. Nf3 Nbd7 5. Bc4 Be7 6. 0-0 0-0 7. h3 c6 8. Bb3 b5 9. a3 a6 10. Re1 h6 11. Be3 Bb7 12. Nh4 exd4 13. Bxd4 c5 14. Bxf6 Nxf6 15. Nf5 c4 16. Ba2 Re8 17. Qf3 Bf8 18. Rad1 g6 19. Ng3 Qc7 20. Qxf6 Re6 21. Qf4 Bg7 22. Qd2 Rae8 23. Bb1 Qc6 24. f3 h5 25. Nf1 Qb6+ 26. Qf2 Qa5 27. Qd2 Bxc3 28. Qxc3 Qxc3 29. bxc3 d5 30. Kf2 dxe4 31. fxe4 Rf6+ 32. Kg1 Rxe4 33. Rxe4 Bxe4 34. Rd2 Bc6 35. Ba2 Re6 36. Kf2 Rf6+ 37. Kg1 Re6 1/2-1/2

[Event "Munich OIS op"]
[Site "Munich"]
[Date "2008.10.11"]
[Round "1"]
[White "Forgach, Andreas"]
[Black "Terekhov, Andrey"]
[Result "0-1"]
[WhiteElo "2034"]
[BlackElo "2322"]
[PlyCount "83"]
[EventDate "2008.10.11"]
[EventType "swiss"]
[EventRounds "9"]
[EventCountry "GER"]
[SourceTitle "CBM 126 Extra"]
[Source "ChessBase"]
[SourceDate "2008.11.05"]
[SourceVersion "1"]
[SourceVersionDate "2008.11.05"]
[SourceQuality "1"]

1. e4 c5 2. Nf3 Nc6 3. d4 cxd4 4. Nxd4 Qb6 5. Nb3 Nf6 6. Nc3 e6 7. Be3 Qc7 8. Bd3 d6 9. 0-0 a6 10. a4 b6 11. f4 Be7 12. Qf3 0-0 13. Kh1 Bb7 14. Rae1 Nb4 15. Qg3 Nd7 16. Bd4 Bf6 17. e5 dxe5 18. fxe5 Nxd3 19. cxd3 Be7 20. Nd2 Rae8 21. Nde4 f5 22. exf6 Qxg3 23. hxg3 gxf6 24. Be3 f5 25. Ng5 Bd6 26. Bf2 e5 27. Nf3 e4 28. dxe4 fxe4 29. Nd2 Rxf2 30. Rxf2 Bxg3 31. Rfe2 Bxe1 32. Rxe1 Nc5 33. b4 Nd3 34. Re2 Nxb4 35. Ndxe4 Bxe4 36. Rxe4 Rxe4 37. Nxe4 Kf7 38. Kg1 Ke6 39. Kf2 Kd5 40. Ke3 Nc2+ 41. Kd3 Ne1+ 42. Ke2 0-1

[Event "Hessen-ch Gr-B 62nd"]
[Site "Hanau"]
[Date "2008.03.21"]
[Round "5"]
[White "Gnirk, Torsten"]
[Black "Forgach, Andreas"]
[Result "1/2-1/2"]
[WhiteElo "2094"]
[BlackElo "2062"]
[PlyCount "30"]
[EventDate "2008.03.19"]
[EventType "swiss"]
[EventRounds "7"]
[EventCountry "GER"]
[SourceTitle "CBM 123 Extra"]
[Source "ChessBase"]
[SourceDate "2008.05.06"]
[SourceVersion "1"]
[SourceVersionDate "2008.05.06"]
[SourceQuality "1"]

1. Nf3 Nf6 2. c4 g6 3. b3 Bg7 4. Bb2 d6 5. g3 e5 6. d3 Nc6 7. Bg2 0-0 8. 0-0 h6 9. Nc3 Be6 10. d4 exd4 11. Nxd4 Nxd4 12. Qxd4 Ne8 13. Qd2 c6 14. Rfd1 f5 15. e3 Qa5 1/2-1/2